| 000 | 00714nam a2200229 a 4500 | ||
|---|---|---|---|
| 001 | 14105 | ||
| 003 | BD-JhCC | ||
| 005 | 20241210120256.0 | ||
| 008 | 190608s2024 bg |||| |||| 000 0 ben d | ||
| 020 | _a9789849230352 | ||
| 035 | _a(BD-JhCC)14105 | ||
| 040 |
_aBD-JhCC _dBD-JhCC |
||
| 041 | _abengali | ||
| 082 |
_a154.2 _bRAH 2024 |
||
| 100 | _a রহমান,সাঈদুর | ||
| 245 |
_a১০০ ওয়েজ টু মোটিভেট ইওরসেলফ্ / _cঅনু: সাঈদুর রহমান। |
||
| 260 |
_aঢাকা : _bঅনুভূতি; _c2024. |
||
| 300 |
_a176 p. : _c21 cm. |
||
| 650 | _aSelf-development and meditation | ||
| 942 |
_2ddc _cBK _06 |
||
| 999 |
_c14105 _d14105 |
||